000 00789nam a22002417a 4500
001 25503
005 20260428151244.0
008 260427b |||||||| |||| 00| 0 spa d
020 _a9786124643903
082 _a343.4
_bZ24
100 _aZamalloa Campero, Eloy
_eAUT
245 _aDerecho procesal constitucional :
_bproceso de amparo y habeas corpus
250 _aPrimera edición
260 _aLima :
_bGrupo Editorial Cromeo,
_c2013
300 _a503 páginas :
_c22 cm.
440 _a ;
650 _aCIS
653 _aDerecho procesal constitucional - Perú; Habeas corpus - Perú; Recurso de amparo - Perú
654 _aCDE
700 _a;
856 _uhttps://itmsp.museknowledge.com/UCSP?groupID=2
_zVéase además: Biblioteca Digital
942 _cLIB
_dJUS
_fMAT
_n0
_2ddc
999 _c25503
_d25503